Normal view
MARC view
- Merory, Joseph
Entry Personal Name
001 - CONTROL NUMBER
- control field: 151427
003 - CONTROL NUMBER IDENTIFIER
- control field: DLC
005 - DATE AND TIME OF LATEST TRANSACTION
- control field: 20251230131235.0
008 - FIXED-LENGTH DATA ELEMENTS
- fixed length control field: 840309n| acannaabn |n aad c
010 ## - LIBRARY OF CONGRESS CONTROL NUMBER
- LC control number: n 83829206
035 ## - SYSTEM CONTROL NUMBER
- System control number: (OCoLC)oca01058245
040 ## - CATALOGING SOURCE
- Original cataloging agency: ICU
- Language of cataloging: eng
- Transcribing agency: ICU
- Modifying agency: OCoLC
100 1# - HEADING--PERSONAL NAME
- Personal name: Merory, Joseph
670 ## - SOURCE DATA FOUND
- Source citation: LCCN 60-51340: His Food flavorings, 1960
- Information found: (hdg.: Merory, Joseph)



